[Event "2024 Autumn Major"]
[Site "?"]
[Date "2024.09.14"]
[Round "1.4"]
[White "Popov, Constantine"]
[Black "Colcombe, Joshua"]
[Result "1-0"]
[WhiteElo "1431"]
[BlackElo "1561"]
[PlyCount "49"]
[EventDate "2024.??.??"]
[SourceVersionDate "2024.09.14"]

1. e4 d5 2. exd5 Qxd5 3. Nc3 Qa5 4. b4 Qxb4 5. Nb5 Qa5 6. Bc4 Nf6 7. Bb2 Bf5 8. Bc3 Qb6 9. Be5 Na6 10. a4 c6 11. Bd4 Qd8 12. Bxf6 gxf6 13. Qf3 cxb5 14. axb5 Qd4 15. Ra4 Qe5+ 16. Ne2 Bxc2 17. d4 Qc7 18. bxa6 Bxa4 19. axb7 Rb8 20. O-O Rxb7 21. Rc1 Qa5 22. Qxb7 Bd7 23. Bb5 Qxb5 24. Rc8+ Bxc8 25. Qxc8# 1-0

[Event "2024 Autumn Major"]
[Site "?"]
[Date "2024.09.14"]
[Round "1.5"]
[White "George, Naveen"]
[Black "Thompson, George"]
[Result "1-0"]
[WhiteElo "1560"]
[BlackElo "1367"]
[PlyCount "53"]
[EventDate "2024.??.??"]
[SourceVersionDate "2024.09.14"]

1. e4 c6 2. d4 d5 3. f3 e6 4. Nc3 Nf6 5. e5 Bb4 6. exf6 Qxf6 7. a3 Bxc3+ 8. bxc3 c5 9. Nh3 Nc6 10. Bd3 cxd4 11. cxd4 Nxd4 12. O-O e5 13. Bg5 Qb6 14. Kh1 Bxh3 15. gxh3 Qe6 16. Kg2 e4 17. fxe4 dxe4 18. Re1 O-O 19. Bxe4 Qe5 20. Bxh7+ Kxh7 21. Rxe5 Nc6 22. Qh5+ Kg8 23. Re4 Rfe8 24. Rh4 Re2+ 25. Qxe2 f6 26. Qe6+ Kf8 27. Rh8# 1-0

[Event "2024 Autumn Major"]
[Site "?"]
[Date "2024.09.14"]
[Round "1.6"]
[White "Francis, Emyr-Wyn"]
[Black "Francis, William"]
[Result "0-1"]
[WhiteElo "1350"]
[BlackElo "1549"]
[PlyCount "48"]
[EventDate "2024.??.??"]
[SourceVersionDate "2024.09.14"]

1. d4 Nf6 2. c4 g6 3. Nc3 Bg7 4. Nf3 O-O 5. e4 d6 6. Bg5 Nbd7 7. Qd2 e5 8. Bh6 exd4 9. Bxg7 dxc3 10. Qh6 cxb2 11. Rb1 Ng4 12. Qf4 Kxg7 13. Qxg4 Ne5 14. Qf4 Nxf3+ 15. Qxf3 Re8 16. Rxb2 Qg5 17. Qc3+ Qf6 18. Qc2 Rxe4+ 19. Qxe4 Qxb2 20. Be2 Qa1+ 21. Bd1 Qc3+ 22. Ke2 Bf5 23. Qxb7 Re8+ 24. Kf1 Qe1# 0-1

[Event "2024 Autumn Major"]
[Site "?"]
[Date "2024.09.14"]
[Round "1.7"]
[White "Vesz, Marcell"]
[Black "Thompson, Chris"]
[Result "1-0"]
[WhiteElo "1541"]
[BlackElo "1338"]
[Annotator "Paul,Hatchett"]
[PlyCount "31"]
[EventDate "2024.??.??"]
[SourceVersionDate "2024.09.14"]

1. e4 c6 2. d4 d5 3. exd5 cxd5 4. Nf3 e6 5. Nc3 Nf6 6. Bb5+ Nc6 7. O-O Bd6 8. Bg5 O-O 9. Qd2 a6 10. Be2 b5 11. a3 Qb6 12. Bxf6 gxf6 13. Rad1 b4 14. axb4 Bxb4 15. Qh6 Re8 16. Qxf6 {Rest of moves illegible} 1-0

[Event "2024 Autumn Major"]
[Site "?"]
[Date "2024.09.14"]
[Round "1.8"]
[White "Burton, Henry"]
[Black "Zheng, Lucas"]
[Result "0-1"]
[WhiteElo "1310"]
[BlackElo "1530"]
[PlyCount "84"]
[EventDate "2024.??.??"]
[SourceVersionDate "2024.09.14"]

1. e4 c5 2. Nf3 Nc6 3. d4 cxd4 4. Nxd4 d6 5. Nxc6 bxc6 6. Nc3 Nf6 7. Be3 Be6 8. Qd2 a5 9. O-O-O Ng4 10. f3 Nxe3 11. Qxe3 g6 12. e5 Bg7 13. exd6 exd6 14. Ne4 d5 15. Nc5 Qb6 16. b3 a4 17. Rd3 d4 18. Qg5 O-O 19. Nxa4 Qb4 20. Be2 Bf5 21. Rd2 Qa3+ 22. Kb1 Rxa4 23. bxa4 Rb8+ 24. Bb5 cxb5 25. a5 Qxa5 26. Kc1 Qxa2 27. Kd1 Qb1+ 28. Ke2 Qxh1 29. Qg3 Re8+ 30. Kf2 Qc1 31. Re2 Rxe2+ 32. Kxe2 Qe3+ 33. Kd1 Be5 34. Qe1 Qxe1+ 35. Kxe1 Bxc2 36. Kd2 d3 37. h3 b4 38. Kc1 b3 39. Kd2 b2 40. Ke3 b1=Q 41. f4 Qe1+ 42. Kf3 Bd1# 0-1

[Event "2024 Autumn Major"]
[Site "?"]
[Date "2024.09.14"]
[Round "1.9"]
[White "Holland, Wayne"]
[Black "Chadwick, Donna"]
[Result "1-0"]
[WhiteElo "1478"]
[BlackElo "1191"]
[PlyCount "45"]
[EventDate "2024.??.??"]
[SourceVersionDate "2024.09.14"]

1. e4 c5 2. Nf3 d6 3. Nc3 Nc6 4. Bc4 e6 5. O-O g6 6. d4 Bg7 7. d5 exd5 8. exd5 Nce7 9. Re1 Nf6 10. Bg5 O-O 11. Qd2 a6 12. a4 Re8 13. Bxf6 Bxf6 14. Qf4 Nf5 15. Rxe8+ Qxe8 16. Ne4 Be5 17. Nxe5 dxe5 18. Qg5 Qf8 19. Rd1 h6 20. Qf6 Bd7 21. d6 Bc6 22. Qxg6+ Ng7 23. Nf6+ 1-0

[Event "2024 Autumn Major"]
[Site "?"]
[Date "2024.09.14"]
[Round "1.1"]
[White "Williams, John"]
[Black "Belochkin, David"]
[Result "0-1"]
[WhiteElo "1595"]
[BlackElo "1459"]
[PlyCount "64"]
[EventDate "2024.??.??"]
[SourceVersionDate "2024.09.14"]

1. b3 e5 2. Bb2 Nc6 3. e3 d5 4. Bb5 Bd6 5. Nf3 a6 6. Bxc6+ bxc6 7. Nxe5 Bxe5 8. Bxe5 Qg5 9. Bg3 Nf6 10. Nc3 Bg4 11. f3 Bf5 12. O-O h5 13. e4 Be6 14. f4 Qh6 15. f5 Bd7 16. exd5 cxd5 17. Qe2+ Kd8 18. Qe5 Qxd2 19. Qxc7+ Ke8 20. Rfe1+ Kf8 21. Rad1 Qxc2 22. Qd6+ Kg8 23. Nxd5 Nxd5 24. Qxd7 Nf6 25. Qb7 Kh7 26. Qxf7 Qxf5 27. Be5 Rhf8 28. Qc7 Rac8 29. Qd6 Ne4 30. Qd3 Rcd8 31. Qxe4 Qxe4 32. Rxe4 Rxd1+ 0-1

[Event "2024 Autumn Major"]
[Site "?"]
[Date "2024.09.14"]
[Round "1.2"]
[White "Sarwar, Adam"]
[Black "Zhuravlev, Andrei"]
[Result "1-0"]
[WhiteElo "1450"]
[BlackElo "1580"]
[PlyCount "41"]
[EventDate "2024.??.??"]
[SourceVersionDate "2024.09.14"]

1. e4 e5 2. Nf3 Nc6 3. Bc4 Bc5 4. c3 Nf6 5. d4 exd4 6. cxd4 Bb4+ 7. Nc3 Nxe4 8. O-O Nxc3 9. bxc3 Bxc3 10. Qb3 Bxa1 11. Bxf7+ Kf8 12. Bg5 Nxd4 13. Qa3+ Kxf7 14. Bxd8 Rxd8 15. Rxa1 Nxf3+ 16. Qxf3+ Kg8 17. Qd5+ Kh8 18. Re1 c6 19. Qf7 h6 20. Re7 Rg8 21. g4 1-0

[Event "2024 Autumn Major"]
[Site "?"]
[Date "2024.09.14"]
[Round "1.3"]
[White "Murthy, Arush"]
[Black "Hill, Glyn"]
[Result "1-0"]
[WhiteElo "1579"]
[BlackElo "1449"]
[PlyCount "111"]
[EventDate "2024.??.??"]
[SourceVersionDate "2024.09.14"]

1. d4 d5 2. c4 c5 3. dxc5 d4 4. Nf3 Nc6 5. e3 e5 6. a3 Qa5+ 7. b4 Nxb4 8. Bd2 Bxc5 9. axb4 Qxa1 10. bxc5 Bf5 11. Nh4 Qxb1 12. Nxf5 Qxf5 13. Be2 Nf6 14. O-O d3 15. Bf3 e4 16. Qa4+ Qd7 17. Bd1 Qxa4 18. Bxa4+ Nd7 19. c6 bxc6 20. Bxc6 Rc8 21. Bxe4 Ne5 22. Bc3 f6 23. Bxe5 fxe5 24. Bxd3 O-O 25. Be4 Kh8 26. Bd5 Rc5 27. e4 a5 28. Ra1 Rb8 29. g3 Rf8 30. Kg2 Rf6 31. Ra2 Rb6 32. f4 exf4 33. gxf4 g5 34. fxg5 Rg6 35. h4 h6 36. Kf3 hxg5 37. hxg5 Rxg5 38. Ke3 Rg7 39. Kd4 Rgc7 40. e5 Kg7 41. Rf2 a4 42. e6 Ra5 43. Ke5 a3 44. Ra2 Rxc4 45. e7 Rc3 46. Rg2+ Kh6 47. Kf6 Rxd5 48. Rh2+ Rh5 49. Rxh5+ Kxh5 50. e8=Q+ Kh4 51. Qe4+ Kh3 52. Qh1+ Kg4 53. Qe4+ Kh3 54. Kg5 Rg3+ 55. Kf5 a2 56. Qh1# 1-0

[Event "2024 Autumn Major"]
[Site "?"]
[Date "2024.09.14"]
[Round "2.4"]
[White "Jamil, Amir"]
[Black "Vesz, Marcell"]
[Result "0-1"]
[WhiteElo "1422"]
[BlackElo "1541"]
[PlyCount "102"]
[EventDate "2024.??.??"]
[SourceVersionDate "2024.09.16"]

1. e4 c5 2. Nf3 d6 3. Nc3 Nc6 4. Bb5 Nf6 5. O-O Bg4 6. h3 Bh5 7. g4 Bg6 8. d4 cxd4 9. Nxd4 Qc7 10. Nd5 Qd7 11. Nxf6+ gxf6 12. f3 h5 13. Nxc6 bxc6 14. Bd3 hxg4 15. hxg4 Bh6 16. Kf2 e5 17. Rh1 Bg7 18. Rxh8+ Bxh8 19. c4 d5 20. exd5 cxd5 21. Bxg6 fxg6 22. Qxd5 Qxd5 23. cxd5 Rd8 24. Be3 Rxd5 25. Bxa7 Rd2+ 26. Ke3 Rxb2 27. a4 f5 28. a5 e4 29. gxf5 Rb3+ 30. Kxe4 gxf5+ 31. Kxf5 Bxa1 32. f4 Rb5+ 33. Ke6 Rxa5 34. Bb8 Ra6+ 35. Bd6 Bd4 36. Kd5 Kf7 37. Be5 Bxe5 38. Kxe5 Ra5+ 39. Ke4 Kf6 40. f5 Rxf5 41. Kd4 Re5 42. Kc4 Ke6 43. Kd4 Kd6 44. Kc4 Rd5 45. Kb4 Rc5 46. Ka4 Kc6 47. Kb4 Kb6 48. Ka4 Rb5 49. Ka3 Kc5 50. Ka4 Rb8 51. Ka5 Ra8# 0-1

[Event "2024 Autumn Major"]
[Site "?"]
[Date "2024.09.14"]
[Round "3.6"]
[White "Naveen, George"]
[Black "Jamil, Amir"]
[Result "1-0"]
[WhiteElo "1560"]
[BlackElo "1422"]
[PlyCount "77"]
[EventDate "2024.??.??"]
[SourceVersionDate "2024.09.16"]

1. e4 e5 2. Nf3 Nc6 3. Bb5 a6 4. Ba4 Nf6 5. O-O Nxe4 6. d4 d6 7. Re1 Nf6 8. dxe5 dxe5 9. Nxe5 Be7 10. Nxc6 bxc6 11. Bxc6+ Bd7 12. Bxa8 Qxa8 13. Bg5 h6 14. Bxf6 gxf6 15. Nc3 Rg8 16. f3 Qa7+ 17. Kh1 Bb5 18. Nd5 Qf2 19. Nxf6+ Kf8 20. Nxg8 Kxg8 21. Rxe7 Bc6 22. Qe2 Qc5 23. Rd1 Kf8 24. Rd8+ Kg7 25. Qe5+ Qxe5 26. Rxe5 Kf6 27. Rc5 Bb7 28. Rxc7 Bxf3 29. gxf3 h5 30. c4 a5 31. c5 a4 32. c6 a3 33. bxa3 h4 34. Ra7 h3 35. c7 Kg7 36. c8=Q Kg6 37. Rg8+ Kh5 38. Qg4+ Kh6 39. Qh4# 1-0

[Event "2024 Autumn Major"]
[Site "?"]
[Date "2024.09.15"]
[Round "4.8"]
[White "Jamil, Amir"]
[Black "Burton, Henry"]
[Result "0-1"]
[WhiteElo "1422"]
[BlackElo "1310"]
[Annotator "Paul,Hatchett"]
[PlyCount "20"]
[EventDate "2024.??.??"]
[SourceVersionDate "2024.09.16"]

1. e4 e5 2. Nf3 Nc6 3. Nc3 Bc5 4. Bc4 Nf6 5. d3 d6 6. Bg5 h6 7. Bh4 O-O 8. O-O Re8 9. Nd5 g5 10. Bg3 Nh5 {Phone default} 0-1

[Event "2024 Autumn Major"]
[Site "?"]
[Date "2024.09.15"]
[Round "5.9"]
[White "Francis, Emyr-Wyn"]
[Black "Jamil, Amir"]
[Result "0-1"]
[WhiteElo "1350"]
[BlackElo "1422"]
[PlyCount "62"]
[EventDate "2024.??.??"]
[SourceVersionDate "2024.09.16"]

1. d4 d5 2. c4 c6 3. Nc3 Nf6 4. Nf3 Bf5 5. Bf4 e6 6. e3 Bb4 7. a3 Ba5 8. b4 Bc7 9. c5 Bxf4 10. exf4 b6 11. b5 Ne4 12. Rc1 Nxc3 13. Rxc3 a6 14. Qa4 cxb5 15. Bxb5+ Nd7 16. c6 axb5 17. cxd7+ Kxd7 18. Ne5+ Ke8 19. Qxb5+ Kf8 20. Nd7+ Kg8 21. O-O e5 22. fxe5 Bxd7 23. Qxd5 g6 24. Rfc1 Kg7 25. Rc7 Be6 26. Qe4 Qg5 27. Kf1 Rhc8 28. Qc2 Rxc7 29. Qxc7 Rc8 30. h4 Rxc7 31. hxg5 Rxc1+ 0-1

[Event "2024 Autumn Major"]
[Site "?"]
[Date "2024.09.14"]
[Round "2.1"]
[White "Holland, Wayne"]
[Black "Murthy, Arush"]
[Result "0-1"]
[WhiteElo "1478"]
[BlackElo "1579"]
[PlyCount "81"]
[SourceVersionDate "2024.09.17"]

1. e4 d5 2. exd5 Nf6 3. Nc3 Nxd5 4. Nxd5 Qxd5 5. Be2 e5 6. d3 Bc5 7. Nf3 Nc6 8. c3 O-O 9. O-O h6 10. Re1 Be6 11. b4 Be7 12. Be3 Rad8 13. Qd2 Bg4 14. Rad1 Bf6 15. c4 Qd7 16. b5 Nd4 17. Nxd4 exd4 18. Bxh6 gxh6 19. Qxh6 Bg7 20. Qg5 Bxe2 21. Rxe2 Rde8 22. Rde1 Rxe2 23. Rxe2 Re8 24. Rxe8+ Qxe8 25. h4 Qe1+ 26. Kh2 Qxf2 27. h5 Qe1 28. h6 Qe5+ 29. Qxe5 Bxe5+ 30. Kh3 Kh7 31. Kg4 Kxh6 32. Kf5 f6 33. g4 c6 34. bxc6 bxc6 35. c5 a5 36. Ke6 Kg5 37. Kd7 Kxg4 38. Kxc6 Kf3 39. Kb7 Ke3 40. c6 f5 41. c7 0-1

[Event "2024 Autumn Major"]
[Site "?"]
[Date "2024.09.14"]
[Round "2.2"]
[White "Belochkin, David"]
[Black "George, Naveen"]
[Result "1-0"]
[WhiteElo "1459"]
[BlackElo "1560"]
[PlyCount "83"]
[SourceVersionDate "2024.09.17"]

1. d4 Nf6 2. c4 g6 3. Nf3 Bg7 4. Nc3 O-O 5. e4 d6 6. Bg5 h6 7. Bh4 c5 8. d5 g5 9. Bg3 e6 10. dxe6 Ne8 11. exf7+ Rxf7 12. Nb5 Qa5+ 13. Qd2 Qxd2+ 14. Nxd2 Bxb2 15. Rd1 Be5 16. Bxe5 dxe5 17. Nf3 Nc6 18. Rd5 Nf6 19. Nxe5 Re7 20. Rxc5 Rxe5 21. Rxe5 Nxe5 22. f3 Be6 23. Nc7 Re8 24. Nxe8 Nxe8 25. Kd2 Nxc4+ 26. Bxc4 Bxc4 27. a3 Nd6 28. Kc3 Bf7 29. Rd1 Nb5+ 30. Kb4 Be8 31. Rd8 Kf7 32. Rxe8 Kxe8 33. Kxb5 Ke7 34. g3 Ke6 35. f4 gxf4 36. gxf4 h5 37. h4 Kd6 38. f5 Ke5 39. Kc5 Kf6 40. Kd6 b5 41. e5+ Kxf5 42. e6 1-0

[Event "2024 Autumn Major"]
[Site "?"]
[Date "2024.09.14"]
[Round "2.3"]
[White "Francis, William"]
[Black "Sarwar, Adam"]
[Result "1/2-1/2"]
[WhiteElo "1549"]
[BlackElo "1450"]
[Annotator "Paul,Hatchett"]
[PlyCount "119"]
[SourceVersionDate "2024.09.17"]

1. d4 d5 2. c4 c6 3. cxd5 cxd5 4. Nc3 Nc6 5. Bf4 Nf6 6. Nf3 Bf5 7. e3 a6 8. Bd3 Bxd3 9. Qxd3 e6 10. a3 Bd6 11. Bxd6 Qxd6 12. O-O O-O 13. Rac1 e5 14. dxe5 Nxe5 15. Nxe5 Qxe5 16. h3 Rac8 17. Rc2 Rc6 18. Rfc1 h6 19. Ne2 Rxc2 20. Rxc2 Qe6 21. Qb3 Qd7 22. Rc5 Rc8 23. Qc2 Rxc5 24. Qxc5 Qc6 25. Qxc6 bxc6 26. f3 c5 27. Nc3 Kf8 28. Kf2 Ke7 29. Ke2 Kd6 30. Kd3 Kc6 31. g4 g5 32. b4 cxb4 33. axb4 Nd7 34. Kd4 Nb6 35. e4 dxe4 36. fxe4 Kd6 37. Nd5 Nd7 38. Ne3 Kc6 39. Nf5 Kb5 40. Kc3 Nf6 41. Nd4+ Ka4 42. e5 Nd5+ 43. Kc4 Nxb4 44. Nf5 Nc6 45. Kd5 Nd8 46. Nxh6 Kb4 47. Nf5 a5 48. Nd4 a4 49. Nc2+ Kb3 50. Nd4+ Kb2 51. Nb5 a3 52. Nxa3 Kxa3 53. Ke4 Kb4 54. Kf5 Nc6 55. Kxg5 Nxe5 56. Kf6 Nf3 57. Kxf7 Ng5+ 58. Kf6 Nxh3 59. g5 Nxg5 60. Kxg5 1/2-1/2

[Event "2024 Autumn Major"]
[Site "?"]
[Date "2024.09.14"]
[Round "2.5"]
[White "Zheng, Lucas"]
[Black "Popov, Constantine"]
[Result "1-0"]
[WhiteElo "1530"]
[BlackElo "1431"]
[PlyCount "69"]
[SourceVersionDate "2024.09.17"]

1. e4 g6 2. d4 c5 3. dxc5 Bg7 4. Nf3 Qa5+ 5. Bd2 Qxc5 6. Nc3 b6 7. Bd3 d6 8. a3 Bb7 9. Be3 Bxc3+ 10. bxc3 Qxc3+ 11. Bd2 Qg7 12. O-O Nd7 13. Qe2 Nc5 14. Bb5+ Kd8 15. Bd3 h5 16. Be3 Bxe4 17. Bxc5 Bxd3 18. Bxb6+ axb6 19. Qxd3 Nh6 20. Qe3 Nf5 21. Qxb6+ Kd7 22. Qb7+ Ke6 23. Rfe1+ Kf6 24. Nh4 Rab8 25. Qe4 e5 26. Rad1 Ke7 27. Nxf5+ gxf5 28. Qxf5 Rbg8 29. g3 h4 30. Qd3 Rh6 31. Qc3 hxg3 32. Qc7+ Ke8 33. fxg3 Qf6 34. Qc8+ Qd8 35. Rxe5+ 1-0

[Event "2024 Autumn Major"]
[Site "?"]
[Date "2024.09.14"]
[Round "2.6"]
[White "Zhuravlev, Andrei"]
[Black "Francis, Tomos"]
[Result "1-0"]
[WhiteElo "1580"]
[BlackElo "1582"]
[PlyCount "39"]
[SourceVersionDate "2024.09.17"]

1. e4 e5 2. Nf3 Nc6 3. Bb5 Nge7 4. Nc3 d5 5. Nxe5 Qd6 6. Nxc6 bxc6 7. Ba4 dxe4 8. Nxe4 Qd5 9. d3 f5 10. Bb3 Qe5 11. f4 Qd4 12. c3 Qd8 13. Ng5 Nd5 14. O-O Bd6 15. Qf3 Bc5+ 16. d4 Bd6 17. Re1+ Kd7 18. Nf7 Qh4 19. g3 Qg4 20. Ne5+ 1-0

[Event "2024 Autumn Major"]
[Site "?"]
[Date "2024.09.14"]
[Round "2.7"]
[White "Thompson, Chris"]
[Black "Williams, John"]
[Result "0-1"]
[WhiteElo "1338"]
[BlackElo "1595"]
[PlyCount "86"]
[SourceVersionDate "2024.09.17"]

1. d4 d6 2. Bf4 Nf6 3. Nf3 c6 4. e3 Qa5+ 5. c3 Nbd7 6. Bd3 e5 7. Bg3 e4 8. b4 Qd8 9. Ng5 exd3 10. Qxd3 d5 11. O-O Be7 12. Nd2 h6 13. Ngf3 O-O 14. Rfe1 Nh5 15. Nf1 Nxg3 16. Nxg3 Nf6 17. Nf1 Bg4 18. Ne5 Bh5 19. Ng3 Bd6 20. Qf5 Bxe5 21. Qxe5 Bg6 22. e4 Re8 23. Qf4 Nxe4 24. Nxe4 Rxe4 25. Rxe4 Bxe4 26. c4 Qg5 27. Qxg5 hxg5 28. c5 Re8 29. Re1 f6 30. f3 Bg6 31. Rxe8+ Bxe8 32. Kf2 Kf7 33. a3 Ke6 34. Ke3 Bg6 35. g4 Bc2 36. Kf2 b6 37. cxb6 axb6 38. Kg3 Kd6 39. f4 c5 40. f5 cxd4 41. Kf2 d3 42. Ke1 Ke5 43. h3 b5 0-1

[Event "2024 Autumn Major"]
[Site "?"]
[Date "2024.09.14"]
[Round "2.8"]
[White "Colcombe, Joshua"]
[Black "Hrancis, Emyr-Wyn"]
[Result "1-0"]
[WhiteElo "1561"]
[BlackElo "1350"]
[PlyCount "61"]
[SourceVersionDate "2024.09.17"]

1. d4 g6 2. e3 Nf6 3. Bd3 Bg7 4. c3 O-O 5. f4 e6 6. Nf3 d5 7. Nbd2 Nc6 8. O-O Ng4 9. Qe2 h6 10. h3 Nf6 11. Ne5 Nh5 12. Qf2 f5 13. Nxg6 Rf6 14. Ne5 Nxe5 15. fxe5 Rg6 16. g4 Qf8 17. Kh1 Qf7 18. gxh5 Rg5 19. Be2 Bd7 20. e4 Kh7 21. Qf3 Rg8 22. h4 Bxe5 23. hxg5 Bd6 24. g6+ Rxg6 25. hxg6+ Qxg6 26. Rg1 Qf6 27. e5 Qh4+ 28. Kg2 Be7 29. Qg3 Be8 30. Qxh4 Bxh4 31. Nb3 1-0

[Event "2024 Autumn Major"]
[Site "?"]
[Date "2024.09.14"]
[Round "2.9"]
[White "Hill, Glyn"]
[Black "Burton, Henry"]
[Result "0-1"]
[WhiteElo "1449"]
[BlackElo "1310"]
[PlyCount "94"]
[SourceVersionDate "2024.09.17"]

1. e4 e5 2. d4 exd4 3. f4 Nc6 4. Nf3 Bc5 5. Bd3 d6 6. O-O Nf6 7. Qe1 O-O 8. Qf2 Re8 9. Re1 Bb4 10. c3 dxc3 11. Nxc3 d5 12. e5 Ng4 13. Qg3 d4 14. Bxh7+ Kxh7 15. Ng5+ Kg8 16. Rd1 Qe7 17. Qh4 Nh6 18. Nd5 Qd7 19. Nxb4 Nxb4 20. Qf2 d3 21. Qf3 Qd4+ 22. Be3 Qxb2 23. Rab1 Qa3 24. h3 Nxa2 25. g4 Rd8 26. Qe4 g6 27. Qc4 Nc3 28. Ra1 Qb2 29. Bd4 Ne2+ 30. Kf1 Rxd4 31. Ra2 Rxc4 32. Rxb2 Nxf4 33. Rf2 Rd4 34. Nf3 Rb4 35. Nh4 a5 36. g5 Nf5 37. Nxf5 gxf5 38. h4 a4 39. h5 Nxh5 40. Rxd3 a3 41. Rh2 Rb1+ 42. Kf2 Rb2+ 43. Kf3 Rxh2 44. Rd8+ Kg7 45. e6 fxe6 46. Rd1 a2 47. Ra1 Ra3# 0-1

[Event "2024 Autumn Major"]
[Site "?"]
[Date "2024.09.14"]
[Round "2.10"]
[White "Thompson, George"]
[Black "Chadwick, Donna"]
[Result "0-1"]
[WhiteElo "1367"]
[BlackElo "1191"]
[PlyCount "56"]
[SourceVersionDate "2024.09.17"]

1. d4 Nf6 2. Bf4 g6 3. Nc3 Bg7 4. e3 O-O 5. Nb5 d6 6. c4 a6 7. Nc3 Nbd7 8. Bd3 e5 9. Bg5 exd4 10. exd4 Re8+ 11. Nge2 c6 12. O-O Rb8 13. d5 Nc5 14. b3 Nxd3 15. Qxd3 Bf5 16. Qd2 cxd5 17. Nxd5 h6 18. Bxf6 Bxf6 19. Nxf6+ Qxf6 20. Ng3 Rbd8 21. Nxf5 Qxf5 22. Rae1 Kg7 23. Rxe8 Rxe8 24. Qxd6 Re6 25. Qd4+ Rf6 26. Re1 Qc2 27. Qa7 Qxa2 28. Qxb7 Qxf2+ 0-1

[Event "2024 Autumn Major"]
[Site "?"]
[Date "2024.09.14"]
[Round "3.1"]
[White "Murthy, Arush"]
[Black "Zheng, Lucas"]
[Result "1-0"]
[WhiteElo "1579"]
[BlackElo "1530"]
[PlyCount "59"]
[SourceVersionDate "2024.09.17"]

1. d4 d5 2. c4 e6 3. e3 Nf6 4. Nf3 c5 5. Bd3 Nc6 6. O-O Bd6 7. Nc3 O-O 8. dxc5 Bxc5 9. cxd5 exd5 10. h3 a6 11. Ne2 Ne4 12. a3 Ng5 13. Nxg5 Qxg5 14. e4 Qd8 15. exd5 Ne5 16. Bb1 Qf6 17. Qc2 Qh4 18. Qxc5 Re8 19. Ng3 Bxh3 20. Qb4 Ng4 21. Nf5 Qh5 22. Qc3 f6 23. Qxh3 Qxh3 24. gxh3 Ne5 25. Bf4 Ng6 26. Bc7 Rec8 27. d6 Kf8 28. Ba2 Nf4 29. Kh2 Ng6 30. Rfe1 1-0

[Event "2024 Autumn Major"]
[Site "?"]
[Date "2024.09.14"]
[Round "3.2"]
[White "Vesz, Marcell"]
[Black "Belochkin, David"]
[Result "1-0"]
[WhiteElo "1541"]
[BlackElo "1459"]
[PlyCount "41"]
[SourceVersionDate "2024.09.17"]

1. e4 c5 2. Nf3 Nc6 3. d4 cxd4 4. Nxd4 Qb6 5. Nxc6 Qxc6 6. Nc3 e5 7. Bb5 Qg6 8. O-O Nf6 9. Nd5 Nxd5 10. Qxd5 a6 11. Ba4 Qe6 12. Qd3 Bc5 13. Bb3 Qf6 14. Be3 Bxe3 15. fxe3 Qc6 16. Bxf7+ Ke7 17. Bd5 Qb6 18. Rf7+ Ke8 19. Raf1 Qg6 20. Bxb7 Bxb7 21. Qxd7# 1-0

[Event "2024 Autumn Major"]
[Site "?"]
[Date "2024.09.14"]
[Round "3.3"]
[White "Sarwar, Adam"]
[Black "Colcombe, Joshua"]
[Result "0-1"]
[WhiteElo "1450"]
[BlackElo "1561"]
[PlyCount "94"]
[SourceVersionDate "2024.09.17"]

1. e4 d5 2. exd5 Qxd5 3. Nc3 Qa5 4. d4 Nf6 5. Nf3 Bf5 6. Bd2 e6 7. a3 c6 8. Bc4 Qc7 9. h3 Be7 10. O-O O-O 11. Re1 Nbd7 12. Be3 Nb6 13. Bb3 Nfd5 14. Nxd5 Nxd5 15. Qd2 h6 16. Rad1 Rfd8 17. Bc4 Bf6 18. Bd3 Bxd3 19. Qxd3 Rac8 20. Qe4 Nxe3 21. Qxe3 c5 22. c3 Rd5 23. dxc5 Rxc5 24. Qd3 Rd8 25. Qe3 Rcd5 26. Rxd5 Rxd5 27. Qxa7 Be7 28. Qe3 Bc5 29. Qe2 Qf4 30. Rd1 Rxd1+ 31. Qxd1 h5 32. Qd8+ Kh7 33. Qg5 Qd6 34. Qxh5+ Kg8 35. Qe5 Qd1+ 36. Qe1 Qc2 37. Qd2 Qb1+ 38. Kh2 Qf1 39. Kg3 Qa6 40. Qd8+ Kh7 41. Qh4+ Kg8 42. Qh5 Qb6 43. Kh2 Bxf2 44. Ng5 Qd6+ 45. Kh1 Qf4 46. Qf3 Qc1+ 47. Kh2 Qg1# 0-1

[Event "2024 Autumn Major"]
[Site "?"]
[Date "2024.09.14"]
[Round "3.4"]
[White "Williams, John"]
[Black "Holland, Wayne"]
[Result "0-1"]
[WhiteElo "1595"]
[BlackElo "1478"]
[PlyCount "58"]
[SourceVersionDate "2024.09.17"]

1. b3 e5 2. Bb2 Nc6 3. e3 Bb4 4. Nf3 d6 5. Be2 Nge7 6. O-O O-O 7. a3 Bc5 8. Nc3 a6 9. Ne4 Ba7 10. Ng3 Nf5 11. Nxf5 Bxf5 12. d3 Re8 13. e4 Bd7 14. h3 Re6 15. Nh2 Bd4 16. Bxd4 Nxd4 17. Bg4 Rg6 18. c3 Ne6 19. Bf5 Rg5 20. h4 Rxg2+ 21. Kxg2 Nf4+ 22. Kh1 Bxf5 23. exf5 Qxh4 24. Qg4 Qh6 25. Rg1 Nxd3 26. Qg5 Nxf2+ 27. Kg2 Qxg5+ 28. Kxf2 Qxf5+ 29. Ke2 Qc2+ 0-1

[Event "2024 Autumn Major"]
[Site "?"]
[Date "2024.09.14"]
[Round "3.5"]
[White "Burton, Henry"]
[Black "Zhuravlev, Andrei"]
[Result "0-1"]
[WhiteElo "1310"]
[BlackElo "1580"]
[PlyCount "114"]
[SourceVersionDate "2024.09.17"]

1. e4 e5 2. Nf3 Nc6 3. Bc4 Bc5 4. O-O Nf6 5. d3 d5 6. exd5 Nxd5 7. Re1 f6 8. a3 Bg4 9. h3 Bh5 10. b4 Bb6 11. Bb2 Bd4 12. c3 Bb6 13. d4 O-O 14. Nbd2 exd4 15. cxd4 Bxd4 16. Bxd4 Nxd4 17. Re4 b5 18. Bxd5+ Qxd5 19. Rxd4 Qxd4 20. Nxd4 Bxd1 21. Rxd1 a6 22. Ne6 Rf7 23. Rc1 Rc8 24. Ne4 Re7 25. Rc6 Kf7 26. N4c5 Rce8 27. Rxa6 Rxe6 28. Nxe6 Rxe6 29. Rxe6 Kxe6 30. Kf1 Kd5 31. Ke2 Kc4 32. Kd2 Kb3 33. g4 g5 34. f3 Kxa3 35. Kc3 c6 36. Kd4 Kxb4 37. Kd3 Kb3 38. Kd4 b4 39. Kd3 Ka2 40. Ke4 b3 41. Kf5 b2 42. Kxf6 b1=Q 43. Kxg5 Qf1 44. f4 Qxh3 45. f5 Qe3+ 46. Kf6 Qh6+ 47. Ke7 Qg5+ 48. f6 Kb3 49. Ke6 Qxg4+ 50. Kf7 Kc4 51. Ke7 Qg5 52. Kf7 Kd5 53. Ke7 Ke5 54. Kf7 Qxf6+ 55. Ke8 Qg7 56. Kd8 Kd6 57. Kc8 Qc7# 0-1

[Event "2024 Autumn Major"]
[Site "?"]
[Date "2024.09.14"]
[Round "3.7"]
[White "Chadwick, Donna"]
[Black "Francis, Tomos"]
[Result "1-0"]
[WhiteElo "1191"]
[BlackElo "1582"]
[PlyCount "73"]
[SourceVersionDate "2024.09.18"]

1. d4 d5 2. c4 c6 3. Nc3 e6 4. Nf3 Nf6 5. e3 g6 6. Be2 Bg7 7. O-O O-O 8. cxd5 exd5 9. Qc2 Bf5 10. Bd3 Bg4 11. e4 Bxf3 12. gxf3 Re8 13. Bg5 h6 14. Bh4 Qd6 15. e5 Qe6 16. exf6 Bxf6 17. Bxf6 Qxf6 18. Be2 Kh8 19. Qd2 h5 20. Kg2 Nd7 21. Rg1 Re6 22. Kf1 Rae8 23. Re1 g5 24. Qxg5 Qxg5 25. Rxg5 b5 26. Nd1 Nb6 27. Ne3 Nc4 28. Bxc4 dxc4 29. Ke2 f6 30. Rxh5+ Kg7 31. Rg1+ Kf7 32. Kd2 b4 33. Rh7+ Kf8 34. Rh8+ Kf7 35. Rxe8 Kxe8 36. Nf5 a5 37. Ng7+ 1-0

[Event "2024 Autmn Major"]
[Site "?"]
[Date "2024.09.14"]
[Round "3.8"]
[White "Francis, Emyr-Wyn"]
[Black "Hill, Glyn"]
[Result "0-1"]
[WhiteElo "1350"]
[BlackElo "1449"]
[Annotator "Paul,Hatchett"]
[PlyCount "118"]
[EventDate "2024.??.??"]

{1228MB, PowerBook 2022.ctg, DESKTOP-CLQD7SI} 1. d4 d5 2. c4 c5 3. Nc3 e6 4. e3 Nf6 5. Nf3 a6 6. Na4 b6 7. dxc5 bxc5 8. Ne5 Bd6 9. Nd3 O-O 10. Naxc5 Bxc5 11. Nxc5 Qa5+ 12. Bd2 Qxc5 13. Rc1 Bb7 14. cxd5 Qxd5 15. b3 Ne4 16. Bc4 Qf5 17. f3 Nxd2 18. Qxd2 Nc6 19. O-O Qa5 20. Qd7 Rab8 21. Qd6 Qd8 22. Qg3 Nb4 23. Rcd1 Qb6 24. Rd4 Rbd8 25. Rg4 Qxe3+ 26. Kh1 Qc3 27. a3 Nd5 28. Bxd5 Bxd5 29. h3 Bxb3 30. Re1 Rd1 31. Rxd1 Bxd1 32. Qh4 g6 33. Qh6 Qg7 34. Qd2 Qa1 35. Kh2 Bb3 36. Rh4 f5 37. Qd7 Qg7 38. Qc6 Qf6 39. Rb4 e5 40. Qxf6 Rxf6 41. Rxb3 e4 42. Re3 exf3 43. Rxf3 Re6 44. Rb3 Re4 45. Rb8+ Kg7 46. Ra8 Ra4 47. g3 Rxa3 48. h4 Kh6 49. Kh3 Kh5 50. Rc8 f4 51. Rc5+ Kh6 52. Kg4 f3 53. Rc6 Re3 54. Rf6 a5 55. h5 a4 56. Kf4 Rb3 57. g4 f2 58. hxg6 {[%emt 0:00:00]} Rf3+ {[%emt 0:00:00]} 59. Kxf3 {[%emt 0:00:00]} f1=Q+ {[%emt 0:00:10]} 0-1